00520nam a2200193 a 4500001001300000003000900013005001700022008004100039020001000080082001500090100002200105245004200127260006000169300000800229500003500237505001000272650002200282700002200304nice12345678IN_TiNIC20260116012949.0050524s1977 bria grp 000 0 eng  ac10000a269.2bNEW aNewbigin, Lesslie aChristian Witness in a Rural Society. aBritainbBritish Council of Churches and the Confc1977 a26p aincludes index and biblioraphy2 aIndex aEvangelistic Work1 aNewbigin, Lesslie